Abraham; (Record no. 5631)

MARC details
000 -LEADER
fixed length control field 00679cam a22002411 4500
001 - CONTROL NUMBER
control field 6492916
003 - CONTROL NUMBER IDENTIFIER
control field GBCCL
005 - DATE AND TIME OF LATEST TRANSACTION
control field 20241126110546.0
008 - FIXED-LENGTH DATA ELEMENTS--GENERAL INFORMATION
fixed length control field 720622s1890 xx 000 0 eng
010 ## -
-- 50043415
035 ## - SYSTEM CONTROL NUMBER
System control number (OCoLC)338119
040 ## - CATALOGING SOURCE
Original cataloging agency DLC
Transcribing agency OKentU
Modifying agency DLC
042 ## -
-- premarc
050 00 -
-- BS580.A3
-- M4
082 ## - DEWEY DECIMAL CLASSIFICATION NUMBER
Classification number 221.92
Item number ABR
100 1# - MAIN ENTRY--PERSONAL NAME
Personal name Meyer, F. B.
Fuller form of name (Frederick Brotherton),
Dates associated with a name 1847-1929
9 (RLIN) 6880
245 00 - TITLE STATEMENT
Title Abraham;
Remainder of title or, The obedience of faith.
260 ## - PUBLICATION, DISTRIBUTION, ETC.
Place of publication, distribution, etc. London,
Name of publisher, distributor, etc. Oliphants
Date of publication, distribution, etc. 1968
300 ## - PHYSICAL DESCRIPTION
Extent 159 p.
Dimensions 20 cm.
600 00 - SUBJECT ADDED ENTRY--PERSONAL NAME
Personal name Abraham
Titles and other words associated with a name (Biblical patriarch)
9 (RLIN) 6347
906 ## - LOCAL DATA ELEMENT F, LDF (RLIN)
a 7
b cbc
c oclcrpl
d u
e ncip
f 19
g y-gencatlg
942 ## - ADDED ENTRY ELEMENTS (KOHA)
Source of classification or shelving scheme Dewey Decimal Classification
Koha item type Books
Koha issues (borrowed), all copies 5
Holdings
Withdrawn status Lost status Source of classification or shelving scheme Damaged status Not for loan Home library Current Library Shelving location Date acquired Total checkouts Full call number Barcode Date last seen Date last checked out Copy number Price effective from Koha item type
    Dewey Decimal Classification     GRACE BIBLE COLLEGE GRACE BIBLE COLLEGE Biblical Studies 2018-04-02 6 221.92 ABR 005249 2025-08-29 2025-08-22 c.1 2018-04-02 Books
© Grace Bible College Library 2025